| 000 | 00402nam a2200169Ia 4500 | ||
|---|---|---|---|
| 003 | GCL | ||
| 008 | 140319s9999 xx 000 0 ara d | ||
| 040 |
_aGCL / _cGCL |
||
| 082 | 0 | 4 |
_a928 _bت ا |
| 245 | 1 | 0 | _aاعلام الفن القصصى |
| 300 | _a273 | ||
| 490 |
_aالالف كتاب _v0 |
||
| 650 | 0 | 4 | _aالادب |
| 650 | 0 | 4 | _aالادباء |
| 650 | 0 | 4 | _aالقصصيون |
| 942 |
_2ddc _cBK |
||
| 999 |
_c43081 _d43081 |
||